000 00479nam a2200193Ia 4500
008 220531s9999 xx 000 0 und d
041 _aeng
082 _bNAH / KUL
100 _aNahajan, S. / Kulkarni, M.
_963012
245 _aCorporate Accounting
250 _a1ST
260 _aPune
_bNirali
_c2014
300 _a8.32
542 _d03-07-2014
551 _aCommerce
_bGrantebal-C
650 _acommerce
_963013
906 _d2014-2015
_f189
999 _c35820
_d35820